000 00310nam a22001337a 4500
020 _a0-19-910590-1
082 _a823
_bRIC/H
100 _aRICHARDSON, HAZEL
245 _aHOW TO BUILD A TIME MACHINE
260 _aNEW YORK
_bOXFORD UNIVERSITY PRESS
_c1999
300 _a92
520 _aSHORT STORY
942 _cBK
999 _c6459
_d6459